1, 2, 3 ou 4 ? - Statistiques

Statistiques générales
  • Ce quiz a été pris 20 150 fois
  • Le résultat moyen est 9 sur 15
Statistiques - réponses
Question Réponse % Correct
Combien de mois comptent 30 jours ? 4
87%
Combien de pays commencent par Z ? 2
84%
Combien de fois la France a-t-elle remporté la Coupe du Monde de la FIFA ? 2
78%
Combien de pays ont une frontière terrestre avec les États-Unis ? 2
74%
Combien de départements français contiennent une lettre dans leur numéro ? 2
63%
Combien de capitales l’Afrique du Sud possède-t-elle ? 3
59%
Combien de dirigeants la Corée du Nord a-t-elle eu ? 3
56%
Quel nombre a plus de deux facteurs ? 4
56%
Quel numéro apparaît dans le titre d’un roman d'Alexandre Dumas ? 3
54%
Quel Henri est le premier Roi de France de la dynastie des Bourbons ? 4
51%
Combien de langues sont officielles en Belgique ? 3
47%
Quel est le numéro atomique du lithium ? 3
45%
Combien le Canada compte-t-il de territoires fédéraux ? 3
44%
Combien de battements compte une mesure en temps commun ? 4
37%
Quel numéro est considéré comme malchanceux en Chine ? 4
34%
Aucun quiz correspondant
Distribution des résultats
% des personnes avec chaque résultat
Percentile par nombre de réponses
Votre historique - résultats
Vous n’avez pas pris ce quiz